000 00922cam a2200241 a 4500
001 000005778
005 20200929151800.0
008 781208s1966 uy 001 f spa
040 _aDO-SdBNP
_cNbU
_dDLC
082 _aU863.4
_bP668a
100 1 _aPiriz Coelho, Ramón,
_d1872-1960.
_916351
245 1 0 _aAnecdotario del uruguayo Santiago Marcos. /
_cRamón Piriz Coelho ; prólogo de Arturo Sergio Visca.
260 _aMontevideo, Uruguay :
_bMinisterio de Instrucción Pública y Previsión Social,
_c1966.
300 _axxvii, 184 p. ;
_c19 cm.
440 0 _aBiblioteca Artigas.
_916279
490 1 _aClásicos uruguayos
_v108.
650 4 _aNovela uruguaya
_95679
650 4 _aLiteratura uruguaya
_93054
650 4 _aLiteratura latinoamericana
_94717
700 1 _aVisca, Arturo Sergio,
_epról.
_916277
830 0 _aBiblioteca Artigas.
_pclásicos uruguayos ;
_v108.
_916286
910 _aCatalogación por copia / LC
999 _c5574
_d5574